La caja (Registro nro. 307100)

Detalles MARC
000 -ENCABEZADO
Número de control [NR] 01018cam a2200289Ma 4500
001 - NÚMERO DE CONTROL
control field ocn906788383
003 - IDENTIFICADOR DE CONTROL NÚMERO
control field OCoLC
005 - FECHA Y HORA DE LA ÚLTIMA TRANSACCIÓN
control field 20170906082121.0
008 - DE LONGITUD FIJA DE DATOS DE ELEMENTOS - INFORMACIÓN GENERAL
Elementos de longitud fija [NR] 170817s2000 sp 000 0 spa d
020 ## - NUMERO INTERNACIONAL NORMALIZADO PARA LIBROS [R]
Número Internacional Normalizado del libro [NR] 8495787059
020 ## - NUMERO INTERNACIONAL NORMALIZADO PARA LIBROS [R]
Número Internacional Normalizado del libro [NR] 9788495787057
035 ## - NUMERO DE CONTROL DEL SISTEMA [R]
Número de control del sistema [NR] (OCoLC)906788383
040 ## - FUENTE DE CATALOGACION [NR]
Agencia de catalogación original [NR] CO-BoUCM
Idioma de catalogación [NR] spa
Quien Cataloga Sandra Palacio
Quien Clasifica Sandra Palacio
041 1# - CODIGO DE IDIOMA [R]
Código de idioma para texto/pista de sonido o título separado [R] Español
Language code of original and/or intermediate translations of text eng
110 1# - ASIENTO PRINCIPAL--NOMBRE CORPORATIVO [NR]
Nombre corporativo o de jurisdicción como elemento de entrada [NR] The Arbinger Institute
ID de autoridad 86885
245 13 - MENCION DE TITULO [NR]
Título [NR] La caja
Parte restante del título [NR] una entretenida historia sobre cómo multiplicar nuestra productividad
Mención de responsabilidad, etc. [NR] the Arbinger Institute ; traducción José M. Pomares
260 ## - PUBLICACION, DISTRIBUCION, ETC. (PIE DE IMPRENTA) [R]
Lugar de publicación, distribución, etc. [R] Barcelona (España)
Nombre del editor, distribuidor, etc. [R] Urano, Empresa Activa
Fecha de publicación, distribución, etc. [R] 2000
300 ## - DESCRIPCION FISICA [R]
Extensión [R] 223 páginas
650 17 - ASIENTO SECUNDARIO DE MATERIA - TERMINO TEMATICO [R]
Término temático o nombre geográfico como elemento de entrada [NR] Liderazgo
9 (RLIN) 18533
650 27 - ASIENTO SECUNDARIO DE MATERIA - TERMINO TEMATICO [R]
Término temático o nombre geográfico como elemento de entrada [NR] Liderazgo ejecutivo
9 (RLIN) 86886
650 27 - ASIENTO SECUNDARIO DE MATERIA - TERMINO TEMATICO [R]
Término temático o nombre geográfico como elemento de entrada [NR] Productividad del trabajo
9 (RLIN) 22438
650 27 - ASIENTO SECUNDARIO DE MATERIA - TERMINO TEMATICO [R]
Término temático o nombre geográfico como elemento de entrada [NR] Administración
9 (RLIN) 8524
700 1# - ASIENTO SECUNDARIO - NOMBRE PERSONAL [R]
Nombre personal [NR] Pomares, José M.
Término de relación [R] traductor
9 (RLIN) 86887
765 1# - ASIENTO DE IDIOMA ORIGINAL [R]
Título [NR] Leadership and self-deception
942 ## - ELEMENTOS DE ENTRADA AGREGADOS (KOHA)
Sistema de clasificación DEWEY
Tipo de ítem principal el descrito en 300a Libro
Tema principal Administración
Edición 1
Clasificación 658.4092
Parte restante de la signatura top. A664ca
Existencias
Signatura topográfica Código de barras Última vez visto Ejemplar Costo de reposición Price effective from Tipo de ítem Perdido Sistema de clasificación Dañado No prestable Tipo de ítem específico Suprimido Ubicación habitual Ubicación actual Localización Fecha de creación Proveedor Forma de adquisición Costo
658.4092 A664ca 100153838 04/12/2024 Ej.1 26000.00 09/08/2017 Libro   DEWEY     Libro   Bodega Bodega 5to piso 09/08/2017 12 Donación 0.00